<?xml version="1.0" encoding="UTF-8"?>
<record
    xmlns:xsi="http://www.w3.org/2001/XMLSchema-instance"
    xsi:schemaLocation="http://www.loc.gov/MARC21/slim http://www.loc.gov/standards/marcxml/schema/MARC21slim.xsd"
    xmlns="http://www.loc.gov/MARC21/slim">

  <leader>00745    a2200265   4500</leader>
  <datafield tag="260" ind1=" " ind2=" ">
    <subfield code="a">Paris ; Bruxelles</subfield>
  </datafield>
  <datafield tag="260" ind1=" " ind2=" ">
    <subfield code="b">De Boeck</subfield>
  </datafield>
  <datafield tag="245" ind1=" " ind2=" ">
    <subfield code="a">Pr&#xE9;f. de Jean-Marie LEHN</subfield>
  </datafield>
  <datafield tag="300" ind1=" " ind2=" ">
    <subfield code="a">XIX, 1432 p.</subfield>
  </datafield>
  <datafield tag="700" ind1=" " ind2=" ">
    <subfield code="a">VOGEL, Pierre</subfield>
  </datafield>
  <datafield tag="650" ind1=" " ind2=" ">
    <subfield code="a">Chimie organique-Guides, manuel, etc.</subfield>
  </datafield>
  <datafield tag="300" ind1=" " ind2=" ">
    <subfield code="b">ill.,fig. ; 25 cm</subfield>
  </datafield>
  <datafield tag="440" ind1=" " ind2=" ">
    <subfield code="a">Chimie organique : M&#xE9;thodes et mod&#xE8;les</subfield>
  </datafield>
  <datafield tag="260" ind1=" " ind2=" ">
    <subfield code="c">1991</subfield>
  </datafield>
  <datafield tag="130" ind1=" " ind2=" ">
    <subfield code="l">Fr.</subfield>
  </datafield>
  <datafield tag="035" ind1=" " ind2=" ">
    <subfield code="a">13440</subfield>
  </datafield>
  <datafield tag="500" ind1=" " ind2=" ">
    <subfield code="a">Comprend un index. - Bibliographie &#xE0; la fin des chapitres</subfield>
  </datafield>
  <datafield tag="020" ind1=" " ind2=" ">
    <subfield code="a">2-8041-2620-4</subfield>
  </datafield>
  <datafield tag="999" ind1=" " ind2=" ">
    <subfield code="c">13464</subfield>
    <subfield code="d">13464</subfield>
  </datafield>
  <datafield tag="952" ind1=" " ind2=" ">
    <subfield code="0">0</subfield>
    <subfield code="1">0</subfield>
    <subfield code="4">0</subfield>
    <subfield code="7">0</subfield>
    <subfield code="a">BEPAC</subfield>
    <subfield code="b">BEPAC</subfield>
    <subfield code="d">2009-02-27</subfield>
    <subfield code="l">0</subfield>
    <subfield code="o">547.0202/V878c</subfield>
    <subfield code="r">2009-02-27 00:00:00</subfield>
    <subfield code="w">2009-02-27</subfield>
    <subfield code="y">LIVR</subfield>
  </datafield>
</record>
